Statistics for Cities of Ecuador

Click here to take the quiz!

General Stats

  • This quiz has been taken 581 times
  • The average score is 5 of 10

Answer Stats

Hint Answer % Correct
1,600,000Quito
100%
2,300,000Guayaquil
90%
330,000Cuenca
69%
217,000Manta
45%
185,000Loja
44%
179,000Ambato
37%
240,000Machala
29%
305,000Santo Domingo
27%
225,000Portoviejo
27%
235,000DurĂ¡n
15%

Score Distribution

Percentile by Number Answered

Percent of People with Each Score

Your Score History

You have not taken this quiz